000 00545nam a2200193Ia 4500
003 LK-CoDNM
008 010623t1977 xxu||||| |||| 00| 1 sin d
040 _aLK-CoDNM
_dLK-CoDNM
_eLK-CoDNM
041 _asin
080 _a22/28 GRA
100 _aGraham,Billy.
245 _aමතු බලාපොරොත්තුව
246 _aHope for the Future : Mathu Balaporoththuwa
260 _bPragna Publishers
_aColombo
_c1977
300 _b35p., 21 cm
650 _aChristianity
700 _aKumarasinghe,Nimalsiri.
_eed.
942 _cBK
999 _c110269
_d110269